[Event "Guillermo Garcia Memorial-D 28th"]
[Site "Santa Clara"]
[Date "2019.04.24"]
[Round "2"]
[White "Perez Marimon, Jorge De Jesus"]
[Black "Alvarez Fernandez, Carlos Rene"]
[Result "1-0"]
[WhiteElo "2331"]
[BlackElo "2331"]
[PlyCount "59"]
[EventDate "2019.04.23"]
[EventType "tourn"]
[EventRounds "9"]
[EventCountry "CUB"]
[EventCategory "2"]
[SourceTitle "CBM 190 Extra"]
[Source "ChessBase"]
[SourceDate "2019.07.15"]
[SourceVersion "1"]
[SourceVersionDate "2019.07.15"]
[SourceQuality "1"]

1. e4 e6 2. d4 d5 3. Bd3 Nf6 4. e5 Nfd7 5. f4 c5 6. c3 Nc6 7. Nf3 cxd4 8. cxd4 Qb6 9. Be2 Be7 10. Nc3 f5 11. a3 a5 12. Be3 0-0 13. 0-0 Qd8 14. Kh1 Nb6 15. Rg1 Bd7 16. g4 a4 17. gxf5 exf5 18. Nd2 Na5 19. Qf1 Rf7 20. Bh5 g6 21. e6 Bxe6 22. Bxg6 hxg6 23. Rxg6+ Rg7 24. Rxe6 Nbc4 25. Qh3 Nxe3 26. Qxe3 Bf6 27. Nb5 Nc4 28. Nxc4 dxc4 29. Rd6 Qa5 30. Rxf6 1-0

[Event "Agosto de Victorias tt"]
[Site "Mayabeque"]
[Date "2018.08.04"]
[Round "1.1"]
[White "Alvarez Fernandez, Carlos Rene"]
[Black "Otero Acosta, Diasmany"]
[Result "1/2-1/2"]
[WhiteElo "2365"]
[BlackElo "2386"]
[PlyCount "116"]
[EventDate "2018.08.04"]
[EventType "team-tourn"]
[EventRounds "10"]
[EventCountry "CUB"]
[SourceTitle "EXT 2021"]
[Source "ChessBase"]
[SourceDate "2020.10.23"]
[SourceVersion "1"]
[SourceVersionDate "2020.10.23"]
[SourceQuality "1"]
[WhiteTeam "Cotorro"]
[BlackTeam "Villa Clara"]
[WhiteTeamCountry "CUB"]
[BlackTeamCountry "CUB"]

1. d4 Nf6 2. c4 e6 3. Nc3 Bb4 4. e3 0-0 5. Nge2 c6 6. Nf4 d5 7. cxd5 cxd5 8. Bd3 Nc6 9. 0-0 Bd7 10. Bd2 Rc8 11. Nh5 Nxh5 12. Qxh5 g6 13. Qe2 Na5 14. Nb1 Be7 15. Bc3 Nc4 16. b3 Nd6 17. Bb4 a6 18. a4 Nf5 19. Bxe7 Qxe7 20. Qd2 Rc7 21. Rc1 Rxc1+ 22. Qxc1 Rc8 23. Qd2 a5 24. Ra2 Qb4 25. Kf1 Qxb3 26. Rb2 Qxa4 27. Ra2 Qc6 28. Rxa5 Qc1+ 29. Qxc1 Rxc1+ 30. Ke2 Nd6 31. Rc5 Rg1 32. g3 Bb5 33. Nc3 Bxd3+ 34. Kxd3 Rg2 35. Ke2 Rxh2 36. Rc7 b5 37. Rd7 Nf5 38. Kf1 b4 39. Kg1 Rh6 40. Ne2 g5 41. g4 Nh4 42. Rb7 Nf3+ 43. Kg2 Ne1+ 44. Kg1 Rh4 45. Ng3 Rxg4 46. Kf1 Nf3 47. Nh5 Kf8 48. Nf6 Rg1+ 49. Ke2 g4 50. Rxb4 Ng5 51. Nh5 Ra1 52. Rb8+ Ke7 53. Rb7+ Kd6 54. Nf6 Ra2+ 55. Kf1 Kc6 56. Re7 Kd6 57. Rd7+ Kc6 58. Re7 Kd6 1/2-1/2

[Event "Havana Cobo Memorial 2nd"]
[Site "Havana"]
[Date "2018.02.09"]
[Round "9"]
[White "Otero Acosta, Diasmany"]
[Black "Alvarez Fernandez, Carlos Rene"]
[Result "1/2-1/2"]
[WhiteElo "2428"]
[BlackElo "2394"]
[PlyCount "109"]
[EventDate "2018.02.02"]
[EventType "tourn"]
[EventRounds "10"]
[EventCountry "CUB"]
[EventCategory "7"]
[SourceTitle "CBM 182 Extra"]
[Source "ChessBase"]
[SourceDate "2018.02.23"]
[SourceVersion "1"]
[SourceVersionDate "2018.02.23"]
[SourceQuality "1"]

1. d4 Nf6 2. c4 g6 3. Nc3 Bg7 4. Nf3 0-0 5. g3 d6 6. Bg2 Nc6 7. 0-0 a6 8. h3 Bd7 9. e4 e5 10. d5 Nd4 11. Nxd4 exd4 12. Qxd4 Qc8 13. e5 Nh5 14. Kh2 Bxe5 15. Qd3 f5 16. f4 Bg7 17. Bd2 Qe8 18. Rfe1 Qf7 19. c5 Rae8 20. c6 Bc8 21. cxb7 Bxb7 22. Re6 Bc8 23. Rae1 Bf6 24. Qc4 Ng7 25. Rxe8 Rxe8 26. Rxe8+ Nxe8 27. Qc6 h5 28. Qa8 Qd7 29. Bf1 h4 30. Bxa6 Bxa6 31. Qxa6 hxg3+ 32. Kxg3 Qg7 33. Qe2 Kf8 34. Kh2 g5 35. Qh5 g4 36. Qxf5 gxh3 37. Qxh3 Bd4 38. Ne2 Bxb2 39. Qf5+ Qf6 40. Qxf6+ Nxf6 41. Bc3 Bxc3 42. Nxc3 Ke7 43. Kg3 Kd7 44. Kh4 c6 45. Kg5 Ne8 46. f5 cxd5 47. Nxd5 Kc6 48. Nf4 d5 49. f6 Nd6 50. Ne6 Ne4+ 51. Kg6 Nxf6 52. Kxf6 Kb5 53. Nf4 d4 54. Ke5 Ka4 55. Ne2 1/2-1/2

[Event "Havana Cobo Memorial 2nd"]
[Site "Havana"]
[Date "2018.02.08"]
[Round "8"]
[White "Ordaz Valdes, Lisandra Teresa"]
[Black "Alvarez Fernandez, Carlos Rene"]
[Result "0-1"]
[WhiteElo "2414"]
[BlackElo "2394"]
[PlyCount "72"]
[EventDate "2018.02.02"]
[EventType "tourn"]
[EventRounds "10"]
[EventCountry "CUB"]
[EventCategory "7"]
[SourceTitle "CBM 182 Extra"]
[Source "ChessBase"]
[SourceDate "2018.02.23"]
[SourceVersion "1"]
[SourceVersionDate "2018.02.23"]
[SourceQuality "1"]

1. d4 Nf6 2. c4 g6 3. Nc3 Bg7 4. e4 d6 5. Be2 0-0 6. Bg5 h6 7. Be3 c5 8. d5 Qa5 9. Qd2 Nbd7 10. Bxh6 Bxh6 11. Qxh6 Nxe4 12. Rc1 Ndf6 13. h4 Qb4 14. Bf3 Nxc3 15. bxc3 Qxc4 16. h5 g5 17. Nh3 Bxh3 18. Qxg5+ Kh8 19. Qh6+ Nh7 20. Rxh3 Rg8 21. Rg3 Qh4 22. Rxg8+ Rxg8 23. g3 Qc4 24. Qe3 Rg5 25. Be2 Qxa2 26. f4 Rxd5 27. Qxe7 Qd2+ 28. Kf2 Rxh5 29. Rd1 Rh2+ 30. Kf3 Qxc3+ 31. Rd3 Qe1 32. Re3 Qh1+ 33. Kg4 Qd5 34. f5 Kg7 35. Kf4 Rf2+ 36. Bf3 Rxf3+ 0-1

[Event "Havana Cobo Memorial 2nd"]
[Site "Havana"]
[Date "2018.02.04"]
[Round "3"]
[White "Alvarez Fernandez, Carlos Rene"]
[Black "Ordaz Valdes, Lisandra Teresa"]
[Result "1/2-1/2"]
[WhiteElo "2394"]
[BlackElo "2414"]
[PlyCount "56"]
[EventDate "2018.02.02"]
[EventType "tourn"]
[EventRounds "10"]
[EventCountry "CUB"]
[EventCategory "7"]
[SourceTitle "CBM 182 Extra"]
[Source "ChessBase"]
[SourceDate "2018.02.23"]
[SourceVersion "1"]
[SourceVersionDate "2018.02.23"]
[SourceQuality "1"]

1. d4 d5 2. c4 e6 3. Nc3 Be7 4. cxd5 exd5 5. Bf4 c6 6. e3 Nf6 7. Bd3 0-0 8. h3 Bd6 9. Nge2 b6 10. g4 Re8 11. Qc2 Ba6 12. Bxd6 Qxd6 13. 0-0-0 Bxd3 14. Qxd3 b5 15. Ng3 Na6 16. Kb1 Nb4 17. Qf5 g6 18. Qf3 Qe6 19. Qe2 a5 20. g5 Nd7 21. Qg4 Nf8 22. Qf3 a4 23. a3 Na6 24. e4 Nc7 25. exd5 cxd5 26. Na2 Na6 27. Nc3 Nc7 28. Na2 Na6 1/2-1/2

[Event "Havana Cobo Memorial 2nd"]
[Site "Havana"]
[Date "2018.02.02"]
[Round "1"]
[White "Alvarez Fernandez, Carlos Rene"]
[Black "Hernandez Gonzalez, William"]
[Result "1/2-1/2"]
[WhiteElo "2394"]
[BlackElo "2414"]
[PlyCount "47"]
[EventDate "2018.02.02"]
[EventType "tourn"]
[EventRounds "10"]
[EventCountry "CUB"]
[EventCategory "7"]
[SourceTitle "CBM 182 Extra"]
[Source "ChessBase"]
[SourceDate "2018.02.23"]
[SourceVersion "1"]
[SourceVersionDate "2018.02.23"]
[SourceQuality "1"]

1. d4 Nf6 2. c4 e6 3. Nc3 c5 4. d5 exd5 5. cxd5 d6 6. e4 g6 7. Nf3 Bg7 8. h3 0-0 9. Bd3 b5 10. Nxb5 Re8 11. 0-0 Nxe4 12. Re1 a6 13. Nc3 Nxc3 14. bxc3 Bxc3 15. Rxe8+ Qxe8 16. Rb1 Bf6 17. Bf4 Qd8 18. Qa4 Bd7 19. Qb3 Bb5 20. Bxb5 axb5 21. Qxb5 Na6 22. Qc6 Nb4 23. Qxd6 Nxd5 24. Rc1 1/2-1/2

[Event "Giraldilla de La Habana tt"]
[Site "Havana"]
[Date "2018.??.??"]
[Round "7.4"]
[White "Alvarez Fernandez, Carlos Rene"]
[Black "Rodriguez Hernandez, Luis Daniel"]
[Result "0-1"]
[WhiteElo "2365"]
[BlackElo "2314"]
[PlyCount "76"]
[EventDate "2018.07.27"]
[EventType "team-tourn"]
[EventRounds "9"]
[EventCountry "CUB"]
[SourceTitle "EXT 2021"]
[Source "ChessBase"]
[SourceDate "2020.10.23"]
[SourceVersion "1"]
[SourceVersionDate "2020.10.23"]
[SourceQuality "1"]

1. d4 Nf6 2. c4 e6 3. Nc3 Bb4 4. e3 0-0 5. Nge2 c6 6. a3 Ba5 7. Nf4 d5 8. cxd5 exd5 9. Bd3 Re8 10. 0-0 Nbd7 11. f3 Nf8 12. Bc2 Bc7 13. b4 Qd6 14. g3 h5 15. h4 Ne6 16. Kg2 a5 17. b5 c5 18. dxc5 Nxf4+ 19. exf4 Qxc5 20. Bb2 Bd7 21. a4 Rac8 22. Bd3 Qb4 23. Rb1 d4 24. Ba1 dxc3 25. Rxb4 axb4 26. Qb3 Be6 27. Qxb4 Nd5 28. Qe4 Ne3+ 29. Kh1 Bf5 30. Qd4 Rcd8 31. Qxc3 Be5 32. fxe5 Rxd3 33. Qc7 Nxf1 34. Qxb7 Ne3 35. e6 Bxe6 36. Qc7 Rc8 37. Qa5 Rc1+ 38. Kh2 Rc2+ 0-1

[Event "Giraldilla de La Habana tt"]
[Site "Havana"]
[Date "2018.??.??"]
[Round "6.2"]
[White "Yanes Canizares, Alejandro"]
[Black "Alvarez Fernandez, Carlos Rene"]
[Result "1/2-1/2"]
[WhiteElo "2283"]
[BlackElo "2365"]
[PlyCount "82"]
[EventDate "2018.07.27"]
[EventType "team-tourn"]
[EventRounds "9"]
[EventCountry "CUB"]
[SourceTitle "EXT 2021"]
[Source "ChessBase"]
[SourceDate "2020.10.23"]
[SourceVersion "1"]
[SourceVersionDate "2020.10.23"]
[SourceQuality "1"]

1. c4 Nf6 2. Nc3 g6 3. g3 Bg7 4. Bg2 0-0 5. Nf3 d6 6. 0-0 a6 7. d3 e5 8. Rb1 h6 9. b4 Nh5 10. e4 Be6 11. c5 Nc6 12. Be3 Nd4 13. Qd2 Kh7 14. Bxd4 exd4 15. Ne2 Bg4 16. h3 Bxf3 17. Bxf3 Nf6 18. Bg2 Ng8 19. cxd6 cxd6 20. b5 Qb6 21. a4 a5 22. Rbc1 Rac8 23. f4 Bf6 24. h4 Rc5 25. Rxc5 Qxc5 26. Rc1 Qa3 27. Rc4 Ne7 28. Kh2 d5 29. Rc7 dxe4 30. dxe4 d3 31. Nc1 Rd8 32. e5 Bg7 33. Be4 Qxa4 34. Bxd3 Nf5 35. Rxf7 Kh8 36. Qc3 Qd1 37. Rc7 Qf3 38. Bxf5 Qf2+ 39. Kh3 Qf1+ 40. Kh2 Qf2+ 41. Kh3 Qf1+ 1/2-1/2

[Event "Capablanca Memorial op 52nd"]
[Site "Matanzas"]
[Date "2017.05.27"]
[Round "1"]
[White "Alvarez Fernandez, Carlos Rene"]
[Black "Fernandez Guillen, Ernesto J"]
[Result "1-0"]
[WhiteElo "2290"]
[BlackElo "2424"]
[PlyCount "51"]
[EventDate "2017.05.27"]
[EventType "swiss"]
[EventRounds "10"]
[EventCountry "CUB"]
[SourceTitle "EXT 2018"]
[Source "ChessBase"]
[SourceDate "2017.10.13"]
[SourceVersion "1"]
[SourceVersionDate "2017.10.13"]
[SourceQuality "1"]

1. d4 Nf6 2. c4 e6 3. Nc3 Bb4 4. e3 b6 5. Nge2 Bb7 6. a3 Be7 7. Nf4 d5 8. cxd5 exd5 9. Be2 Bd6 10. Nh5 Nxh5 11. Bxh5 Nd7 12. Bf3 Nf6 13. 0-0 0-0 14. b4 Ne4 15. Qb3 a6 16. g3 Qg5 17. Bg2 Rfe8 18. Nd1 h5 19. f3 Nxg3 20. hxg3 Bxg3 21. f4 Qh4 22. Rf3 Qh2+ 23. Kf1 h4 24. Nf2 Bc6 25. a4 Bd7 26. f5 1-0

[Event "Capablanca Memorial op 49th"]
[Site "Havana"]
[Date "2014.05.14"]
[Round "6"]
[White "Alvarez Fernandez, Carlos Rene"]
[Black "Catala Matienzo, Ivette"]
[Result "1-0"]
[WhiteElo "2226"]
[BlackElo "2118"]
[PlyCount "127"]
[EventDate "2014.04.08"]
[EventType "swiss"]
[EventRounds "10"]
[EventCountry "CUB"]
[SourceTitle "CBM 160 Extra"]
[Source "ChessBase"]
[SourceDate "2014.07.01"]
[SourceVersion "1"]
[SourceVersionDate "2014.07.01"]
[SourceQuality "1"]

1. d4 e6 2. c4 f5 3. Nc3 Nf6 4. Nf3 Be7 5. Bf4 b6 6. e3 Bb7 7. Be2 0-0 8. h3 d6 9. Qc2 Nbd7 10. Ng5 e5 11. Ne6 Qc8 12. Nxf8 Qxf8 13. Bg5 Ne4 14. Bxe7 Qxe7 15. d5 Nxc3 16. Qxc3 Nc5 17. 0-0-0 c6 18. dxc6 Bxc6 19. Bf3 e4 20. Be2 Rc8 21. Kb1 Qe6 22. Ka1 Ba4 23. Rd2 a5 24. g4 Rf8 25. b3 Bc6 26. Rhd1 Nb7 27. Qd4 Qf6 28. Qxf6 Rxf6 29. gxf5 Bd7 30. f4 Kf8 31. a3 Bxf5 32. Bg4 Bxg4 33. hxg4 Rh6 34. Rd4 Rh3 35. Re1 Nc5 36. Rxd6 Nxb3+ 37. Kb2 Nc5 38. Kc3 Ke7 39. Rd5 Rg3 40. g5 Rh3 41. Kd4 Rh2 42. Rb1 Rd2+ 43. Ke5 Rc2 44. Rxb6 Rxc4 45. Kf5 g6+ 46. Kg4 Rc1 47. Kg3 Rc3 48. f5 gxf5 49. Kf4 Rc1 50. Kxf5 a4 51. Rc6 Rf1+ 52. Ke5 Nd3+ 53. Kxe4 Ne1 54. Ra5 Kd7 55. Rf6 Rxf6 56. gxf6 Ke6 57. Ra6+ Kf7 58. Kf5 Nf3 59. Ra7+ Kf8 60. Rxh7 Kg8 61. f7+ Kxh7 62. f8Q Nd4+ 63. Kf6 Nf5 64. e4 1-0

[Event "Capablanca Memorial op 49th"]
[Site "Havana"]
[Date "2014.05.08"]
[Round "1"]
[White "Sanchez Enriquez, Oscar Gerardo"]
[Black "Alvarez Fernandez, Carlos Rene"]
[Result "1/2-1/2"]
[WhiteElo "2405"]
[BlackElo "2226"]
[PlyCount "58"]
[EventDate "2014.04.08"]
[EventType "swiss"]
[EventRounds "10"]
[EventCountry "CUB"]
[SourceTitle "CBM 160 Extra"]
[Source "ChessBase"]
[SourceDate "2014.07.01"]
[SourceVersion "1"]
[SourceVersionDate "2014.07.01"]
[SourceQuality "1"]

1. Nf3 Nf6 2. d4 g6 3. c4 Bg7 4. Nc3 0-0 5. Bg5 h6 6. Bh4 d6 7. e3 Nbd7 8. Be2 g5 9. Bg3 Nh5 10. Nd2 Nxg3 11. hxg3 c5 12. d5 Nf6 13. Qc2 e6 14. dxe6 Bxe6 15. 0-0 Qe7 16. Rad1 d5 17. cxd5 Nxd5 18. Nxd5 Bxd5 19. Bf3 Rad8 20. a4 Be6 21. b3 Rd7 22. Nc4 Rfd8 23. Na5 Rxd1 24. Rxd1 Rxd1+ 25. Qxd1 b6 26. Nc4 Qf6 27. Bg4 Bxc4 28. bxc4 Qa1 29. Qxa1 Bxa1 1/2-1/2

[Event "Capablanca Memorial op-B 48th"]
[Site "Havana"]
[Date "2013.04.29"]
[Round "8"]
[White "Alvarez Fernandez, Carlos Rene"]
[Black "Lopez Gonzalez, Abel Fabian"]
[Result "1/2-1/2"]
[WhiteElo "2237"]
[BlackElo "2209"]
[PlyCount "108"]
[EventDate "2013.04.21"]
[EventType "swiss"]
[EventRounds "9"]
[EventCountry "CUB"]
[SourceTitle "CBM 154 Extra"]
[Source "ChessBase"]
[SourceDate "2013.06.25"]
[SourceVersion "2"]
[SourceVersionDate "2013.06.25"]
[SourceQuality "1"]

1. d4 Nf6 2. c4 g6 3. Nc3 Bg7 4. e4 d6 5. Nf3 0-0 6. Be2 e5 7. 0-0 Nc6 8. d5 Ne7 9. Ne1 Nd7 10. Be3 f5 11. f3 f4 12. Bf2 g5 13. a4 a5 14. Nd3 b6 15. Be1 Nf6 16. Nf2 h5 17. h3 Kh8 18. b4 axb4 19. Nb5 Rf7 20. Bxb4 Bf8 21. a5 c5 22. Bc3 bxa5 23. Qd2 a4 24. Qc2 Rg7 25. Rxa4 Rxa4 26. Qxa4 g4 27. fxg4 hxg4 28. hxg4 Nxg4 29. Nxg4 Bxg4 30. Bxg4 Rxg4 31. Qd1 Rg7 32. Qh5+ Kg8 33. Rf3 Ng6 34. Rh3 Be7 35. Qf5 Nh4 36. Qe6+ Kh7 37. Be1 Rxg2+ 38. Kf1 Rg6 39. Qf7+ Kh6 40. Na7 Bf6 41. Nc6 Qc8 42. Qe6 Qxe6 43. dxe6 Kh5 44. e7 Rg8 45. Bxh4 Bxh4 46. Rd3 Kg4 47. Rxd6 Kf3 48. Nxe5+ Kxe4 49. Ng6 Bxe7 50. Nxe7 Ra8 51. Nd5 Ra1+ 52. Kf2 Ra2+ 53. Kf1 Ra1+ 54. Kf2 Ra2+ 1/2-1/2

[Event "Capablanca Memorial op-B 48th"]
[Site "Havana"]
[Date "2013.04.25"]
[Round "5"]
[White "Alvarez Fernandez, Carlos Rene"]
[Black "Martinez Ramirez, Lennis"]
[Result "1-0"]
[WhiteElo "2237"]
[BlackElo "2251"]
[PlyCount "141"]
[EventDate "2013.04.21"]
[EventType "swiss"]
[EventRounds "9"]
[EventCountry "CUB"]
[SourceTitle "CBM 154 Extra"]
[Source "ChessBase"]
[SourceDate "2013.06.25"]
[SourceVersion "2"]
[SourceVersionDate "2013.06.25"]
[SourceQuality "1"]

1. d4 Nf6 2. c4 g6 3. Nc3 Bg7 4. e4 d6 5. f3 0-0 6. Be3 c5 7. d5 Nbd7 8. Nh3 Qa5 9. Qd2 a6 10. Nf2 Nb6 11. Be2 Qb4 12. Nd3 Nxc4 13. Nxb4 Nxd2 14. Nc2 Ndxe4 15. fxe4 b5 16. Bf3 b4 17. Nd1 a5 18. 0-0 Ba6 19. Rf2 Bd3 20. Bg5 Nxe4 21. Bxe4 Bxe4 22. Bxe7 Rfe8 23. Bxd6 Rad8 24. Bxc5 Rc8 25. Bb6 Bxc2 26. Ne3 Ba4 27. d6 f5 28. Nd5 Kf7 29. Rd2 Bh6 30. Rad1 Bxd2 31. Rxd2 Rc1+ 32. Kf2 Ree1 33. Bxa5 g5 34. Nb6 f4 35. Nxa4 Rf1+ 36. Ke2 Rfe1+ 37. Kf3 Rf1+ 38. Ke4 Ke6 39. Bc7 Rfe1+ 40. Kd4 Red1 41. Rxd1 Rxd1+ 42. Ke4 Kd7 43. Nb6+ Kc6 44. a4 b3 45. Nc4 Re1+ 46. Kf5 Rd1 47. Ke6 g4 48. Ne5+ Kb7 49. Nxg4 Rd2 50. a5 Rxb2 51. a6+ Ka7 52. d7 Re2+ 53. Ne5 b2 54. d8Q b1Q 55. Qd4+ Ka8 56. Qd5+ Ka7 57. Qc5+ Ka8 58. Qc6+ Ka7 59. Bd6 Qg6+ 60. Kd7 Qg7+ 61. Kc8 Qg8+ 62. Kc7 Qb8+ 63. Kd7 Rd2 64. Qc5+ Ka8 65. Nc6 Rxd6+ 66. Qxd6 Qg8 67. Ne7 Qg4+ 68. Kc7 Qxg2 69. Qd8+ Ka7 70. Qb8+ Kxa6 71. Qb6# 1-0

[Event "Capablanca Memorial op-B 48th"]
[Site "Havana"]
[Date "2013.04.22"]
[Round "2"]
[White "Gomez Arnau, Reinerio"]
[Black "Alvarez Fernandez, Carlos Rene"]
[Result "0-1"]
[WhiteElo "2121"]
[BlackElo "2237"]
[PlyCount "70"]
[EventDate "2013.04.21"]
[EventType "swiss"]
[EventRounds "9"]
[EventCountry "CUB"]
[SourceTitle "CBM 154 Extra"]
[Source "ChessBase"]
[SourceDate "2013.06.25"]
[SourceVersion "2"]
[SourceVersionDate "2013.06.25"]
[SourceQuality "1"]

1. e4 e6 2. d4 d5 3. Nc3 Bb4 4. Bd2 dxe4 5. Qg4 Qxd4 6. 0-0-0 h5 7. Qh4 Be7 8. Qg3 Bd6 9. Qh4 Bd7 10. Nf3 Qf6 11. Bg5 Qf5 12. Nxe4 Be7 13. Bxe7 Nxe7 14. Bd3 Ng6 15. Qg3 Qf4+ 16. Kb1 h4 17. Qxf4 Nxf4 18. Ne5 Rh5 19. Nxd7 Nxd7 20. g4 Re5 21. Nc3 0-0-0 22. Be4 Ne2 23. Rhe1 Nxc3+ 24. bxc3 Nf6 25. Rxd8+ Kxd8 26. Rd1+ Ke7 27. Bf3 Ne4 28. Bxe4 Rxe4 29. h3 Rf4 30. g5 Rxf2 31. Rd4 Rg2 32. Rxh4 Rxg5 33. Kb2 Rb5+ 34. Kc1 g6 35. c4 Rh5 0-1

[Event "Havana City-ch"]
[Site "Havana"]
[Date "2009.12.20"]
[Round "8"]
[White "Fernandez Camejo, Jose Angel"]
[Black "Alvarez Fernandez, Carlos Rene"]
[Result "1/2-1/2"]
[WhiteElo "2094"]
[BlackElo "2125"]
[PlyCount "52"]
[EventDate "2009.12.13"]
[EventType "swiss"]
[EventRounds "9"]
[EventCountry "CUB"]
[SourceTitle "CBM 134 Extra"]
[Source "ChessBase"]
[SourceDate "2010.03.03"]
[SourceVersion "1"]
[SourceVersionDate "2010.03.03"]
[SourceQuality "1"]

1. e4 e6 2. d4 d5 3. Nc3 Bb4 4. Nge2 dxe4 5. a3 Bxc3+ 6. Nxc3 Nc6 7. d5 exd5 8. Qxd5 Be6 9. Qxe4 Nf6 10. Qh4 Qd4 11. Bg5 Nd5 12. Qxd4 Nxd4 13. Nxd5 Nxc2+ 14. Kd2 Nxa1 15. Nxc7+ Kd7 16. Nxe6 Kxe6 17. Bc4+ Kf5 18. Be3 Rhd8+ 19. Bd3+ Rxd3+ 20. Kxd3 Nb3 21. Kc2 Na5 22. Rd1 Ke6 23. Bd4 f6 24. Re1+ Kf7 25. Bc3 Nc6 26. Rd1 Rd8 1/2-1/2